Der Israelit des neunzehnten Jahrhunderts: eine Wochenschrift für d. Kenntniß u. Reform d. israelitischen Lebens, bes. in religiös-kirchl. Beziehung

Saved in:  
Bibliographic Details
Format: Print Newspaper
Language:German
Subito Delivery Service: Order now.
Check availability: HBZ Gateway
WorldCat: WorldCat
Interlibrary Loan:Für eine Fernleihe wählen Sie bitte zuerst einen Band oder Aufsatz aus.
Published: Frankfurt, M. Hermann 1840-1848
Hersfeld Schuster 1840-1845
In:Year: 1840
Further subjects:B Newspapers
B Journal

MARC

LEADER 00000cas a2200000 c 4500
001 16739634X
003 DE-627
005 20250703224645.0
007 tu
008 941030d18401848xx w| n| 0 |0ger c
016 7 |a 012721808  |2 DE-101 
016 7 |a 515200-8  |2 DE-600 
035 |a (DE-627)16739634X 
035 |a (DE-576)015691624 
035 |a (DE-599)ZDB515200-8 
035 |a (OCoLC)1367784664 
040 |a DE-627  |b ger  |c DE-627  |e rakwb 
041 |a ger 
044 |c XA-DXDE  |c XA-DE 
082 0 4 |a 230  |a 070  |q DE-600 
084 |a JUDAICA  |q DE-30  |2 fid 
084 |a 11.20  |2 bkl 
245 0 4 |a Der Israelit des neunzehnten Jahrhunderts  |b eine Wochenschrift für d. Kenntniß u. Reform d. israelitischen Lebens, bes. in religiös-kirchl. Beziehung  |c hrsg. von M. Heß 
246 3 0 |a Kenntnis 
264 3 1 |a Frankfurt, M.  |b Hermann  |c 1840-1848 
264 2 1 |a Hersfeld  |b Schuster  |c 1840-1845 
336 |a Text  |b txt  |2 rdacontent 
337 |a ohne Hilfsmittel zu benutzen  |b n  |2 rdamedia 
337 |a Mikroform  |b h  |2 rdamedia 
338 |a Band  |b nc  |2 rdacarrier 
338 |a Sonstige Mikroformen  |b hz  |2 rdacarrier 
362 0 |a 1.1840 - 9.1848[?] 
363 0 0 |a 1  |i 1840 
363 1 0 |i 1848  |a 9 
515 |a Periodizität: wöchentl. 
530 |a Mikrofilm-Ausg.: Berlin : SAPMO-BArch. - Mikrofiche-Ausg.: Zug : Inter Documentation Company 
533 |a Reproduktion  |b Berlin  |c SAPMO-BArch  |n Mikrofilm-Ausg.: Berlin : SAPMO-BArch. - Mikrofiche-Ausg.: Zug : Inter Documentation Company 
591 |a (üa/Z) 
601 |a Israeliten 
655 7 |a Zeitung  |0 (DE-588)4067510-5  |0 (DE-627)106108832  |0 (DE-576)209170026  |2 gnd-content 
655 7 |a Zeitschrift  |0 (DE-588)4067488-5  |0 (DE-627)10454466X  |0 (DE-576)20917000X  |2 gnd-content 
751 |a Frankfurt am Main  |0 (DE-588)4018118-2  |0 (DE-627)106327356  |0 (DE-576)208922695  |4 dbp 
751 |a Bad Hersfeld  |0 (DE-588)4024607-3  |0 (DE-627)106297430  |0 (DE-576)208956344  |4 dbp 
935 |a mteo 
935 |c zt 
936 b k |a 11.20  |j Judentum: Allgemeines  |x Religionswissenschaft  |q ARK  |0 (DE-627)106419838 
951 |a JT 
ELC |b 1 
ORI |a SA-MARC-ixtheo_oa001.raw 
REL |a 1 
SUB |a REL